| 000 | 00743nam a22002177a 4500 | ||
|---|---|---|---|
| 999 |
_c9179 _d9179 |
||
| 003 | AR-CdUCM | ||
| 008 | 190327b ||||| |||| 00| 0 spa d | ||
| 040 |
_aMUNICIPALIDAD PROVINCIAL DEL CUSCO _cBIBLIOTECA MUNICIPAL DEL CUSCO |
||
| 082 |
_a379.8543 / _bG71 |
||
| 100 |
_aGonzález Marín, Carlos Alberto _95631 |
||
| 245 | _aLa escuela peruana en Tacna, 1793-1907 / | ||
| 260 |
_aLima : _bTalls. Gráfs. Impresiones Moreno, _c1970. |
||
| 300 |
_a72 páginas ; _c18 cm. |
||
| 500 | _aCon dedicatoria a Luis Nieto -- Donación de la familia Nieto | ||
| 505 | _aContenido : 1793 -- 1820 -- 1824 --1825 -- 1826 | ||
| 650 |
_aHistoria _9246 |
||
| 650 |
_aTacna _925234 |
||
| 650 |
_aEducación _9460 |
||
| 942 |
_2ddc _cLIBROS |
||
| 945 | _admma | ||